000 00315 a2200145 4500
001 180801
020 _a
040 _cMagnum
100 _a-
240 1 0 _aJoao e o pe de feijao/edelbra
_lpor
245 1 0 _aJoao e o pe de feijao/edelbra
362 0 _a1899
697 _aMAGNITO: I/FADAS, FANTASIA
942 _cBK
999 _c180801
_d180801